000
00190 a2200097 4500
020
_a
9780153199097
041
_a
spa
100
_a
Hoffman, Mary
245
_a
La Asombrosa Graciela
942
_c
BK
999
_c
3702
_d
3702